000 01060nam0a22002771 4500
001 rc\1128431
005 20041126174554.5
035 _a(NLR Aleph) 006370379
090 _a4990462
_c4990462
100 _a20041126d1981 u |0rusy50 ca
101 0 _arus
102 _aRU
105 _aa |||||||||
200 1 _aАнализ динамики пучка для сформированного магнитного поля фазотрона ОИЯИ
_fС.Б. Ворожцов, В.П. Дмитриевский, Н.Л. Заплатин
210 _aДубна
_cОИЯИ
_d1981
215 _a4 с.
_cграф.
_d21
225 1 _aПрепринт
_fОбъед. ин-т ядер. исслед.
_vР9-81-711
320 _aБиблиогр.: с. 4
700 1 _aВорожцов
_bС. Б.
_gСергей Борисович
701 1 _aДмитриевский
_bВ. П.
701 1 _aЗаплатин
_bН. Л.
_gНиколай Леонтьевич
801 0 _aRU
_bNLR
_gpsbo
801 1 _aRU
_bELAR
_2rusmarc
852 _aNLR
_j82-6/2120
942 _cBOOK
980 _aNB